Arqueología del infierno: el más allá en el mundo antiguo próximo oriental y clásico

Spremljeno u:
Bibliografski detalji
Glavni autor: Xella, Paolo (Autor)
Format: Knjiga
Jezik:španjolski
Izdano: Barcelona AUSA 1991
Serija:Colección Estudios Orientales, 6
Teme:
Oznake: Dodaj oznaku
Bez oznaka, Budi prvi tko označuje ovaj zapis!

MARC

LEADER 00000nam a2200000 a 4500
001 UCP5808
003 CL-VaPUC
008 991001e19910000SP |||||||||||||||||spa|d
082 0 4 |a 236.2  |b XEL  |2 21 
100 0 |a Xella, Paolo  |e author  |9 434407 
245 1 0 |a Arqueología del infierno: el más allá en el mundo antiguo próximo oriental y clásico 
300 |a 270 p 
942 |c BK 
945 |d 19991001 00:00:00  |a rbrito 
260 |a Barcelona  |b AUSA  |c 1991 
650 0 |a Escatología  |9 314395 
650 0 |a Antiguo testamento   |9 313678 
650 0 |a Mitología   |9 255719 
651 0 |a Egipto   |9 268199 
583 |a last modification  |c 19991001 00:00:00  |k Rodrigo Vera 
490 0 |a Colección Estudios Orientales, 6 
999 |c 283472  |d 283470 
952 |0 0  |1 0  |4 0  |6 236_200000000000000_XEL_1991  |7 0  |8 A  |9 326655  |a BIBTEO  |b BIBTEO  |d 2019-11-20  |i 3560007  |o 236.2 XEL 1991  |p 3560007  |r 2025-01-17  |w 2019-11-20  |y BK  |k ICR